Vlastnosti a predikce životnosti svarových spojů trubek z žárupevných ocelí

Podrobná bibliografia
Hlavný autor: Kuboň, Zdeněk (Autor)
Médium: Článok
Jazyk:čeština

MARC

LEADER 00000nab a2200000uu 4500
001 vtls011504859
003 SK-MaSNL
005 20260303155346.0
008 230222|2012 xo |||||||||||||||||cze|
015 |a SNBRB 
035 |a (urnnbn)urn:nbn:sk:snk:ar-a0alll 
035 |a (uuid)b1a242f8-8095-46eb-a823-9967750bf2f4 
035 |a urn:nbn:sk:snk-abdyet 
040 |a SNKBUCL  |b slo  |c SNKBUCL  |e AACR2 
041 0 |a cze 
044 |a xo  |c SK 
100 1 |a Kuboň, Zdeněk  |4 aut  |9 703563 
245 1 0 |a Vlastnosti a predikce životnosti svarových spojů trubek z žárupevných ocelí  |c Zdeněk Kuboň 
246 3 |a Properties and prediction of service life of welded joints in tubes from creep resistant steels 
773 0 |t Zváranie : odborný časopis československých zváračov  |g Roč. 61, č. 11-12 (2012), s. 245-251 
954 |a odborná, vedecká literatúra pôvodná (slovenská)  |2 lita 
954 |a odborná, vedecká literatúra cudzojazyčná (svetová)  |2 lita 
958 |a OND 
958 |a EUIPO 
958 |a article20 
999 |c 2039813  |d 2041743